Inmigración, ciudadanía y autogobierno : Québec en perspectiva Québec en perspectiva
Descripción Física:
36 p.; 21 cm
Colección:
Documentos CIDOB. Migraciones ; 6
Otros Autores:
Lemire, Francine
MARC
| LEADER | 00000nam a2200000Ia 4500 | ||
|---|---|---|---|
| 001 | 24001 | ||
| 008 | 160829s2005 xx 000 0 cat d | ||
| 080 | |a FU-62-125 | ||
| 100 | |a Juteau, Danielle |9 49904 | ||
| 245 | |a Inmigración, ciudadanía y autogobierno : |b Québec en perspectiva | ||
| 260 | |a Barcelona : |b Fundació CIDOB, |c 2005 | ||
| 300 | |a 36 p.; |c 21 cm | ||
| 490 | |a Documentos CIDOB. Migraciones ; 6 | ||
| 590 | |a Bibliografia | ||
| 650 | |a Quebec |x Emigració i immigració |x Aspectes socials |9 49905 | ||
| 650 | |a Ciutadania |9 49906 | ||
| 650 | |a Autonomia |9 49907 | ||
| 700 | |a Lemire, Francine |9 49908 | ||
| 710 | 2 | |a Centre d'Informació i Documentació Internacionals a Barcelona (CIDOB) |9 52934 | |
| 901 | |a Arxiu | ||
| 942 | |n 1 | ||
| 952 | |0 0 |1 0 |4 0 |6 FU62125 |7 1 |9 55671 |a Arxiu |b Arxiu |d 2016-12-01 |l 0 |o FU-62-125 |p 24001 |r 2016-12-01 00:00:00 |w 2016-12-01 |y ARXIU | ||
| 999 | |c 59544 |d 59544 | ||